| 000 | 05233nam a22016817a 4500 | ||
|---|---|---|---|
| 003 | PE-LiUPU | ||
| 005 | 20250813170010.0 | ||
| 008 | 220913b |||||||| |||| 00| 0 spa d | ||
| 020 | _a9786071730626 | ||
| 040 |
_aPE-LiUPU _bspa _cPE-LiUPU _erda |
||
| 082 |
_223 _a624.171 _bM189a |
||
| 100 | 1 |
_aMagdaleno Domínguez, Carlos _eautor |
|
| 245 | 0 | 0 |
_aAnálisis matricial de estructuras / _cCarlos Magdaleno Domínguez |
| 264 |
_aMéxico : _bTrillas, _c2018 |
||
| 300 |
_a310 páginas : _c24 centímetros |
||
| 500 | _aIncluye índices | ||
| 504 | _aIncluye bibliografía | ||
| 505 | _aConceptos generales -- Elasticidad -- Sistemas estructurales -- Fuerzas generalizadas -- Coordenadas generalizadas -- Grados de indeterminación -- Métodos de análisis estructural -- Métodos energéticos -- Trabajo y energía -- Primera ley de la termodinámica -- Representación gráfica del trabajo y la energía potencial interna -- Principios de los desplazamientos y fuerzas virtuales -- Principio estacionario de la energía potencial total -- Principio estacionario de la energía potencial complementaria -- Teorema de Clapeyron -- Teoremas de Castigliano -- Método del trabajo mínimo -- Energía potencial interna en función de los elementos mecánicos -- Método de la carga virtual unitaria -- Teorema de Betti -- Método de las flexibilidades ´-- Procedimiento del método -- Planteamiento matricial -- Estructuras articuladas en el plano -- Vigas continuas -- Marcos en el plano -- Marcos en el espacio -- Estructuras sujetas a temperatura -- Método de las rigideces -- Procedimiento del método directo -- Estructuras articuladas en el plano. Armaduras -- Estructuras articuladas en el espacio -- Marcos en el plano -- Marcos en el espacio -- Estructuras con cargas normales a su plano -- Método de las matrices de transición -- Matrices de equilibrio H -- Matrices de rigidez y flexibilidad -- Matrices de transición -- Estructura doblemente empotrada -- Extensión del método – Método del elemento finito – Tipos de elementos finitos – Procedimiento del método -- Estudio de elementos finitos aislados – Funciones de desplazamiento – Requisitos de convergencia – Selección del orden del polinomio – Grados de libertad nodales – Funciones de forma del campo de desplazamientos – Elemento finito sujeto a efecto axial – Elemento finito sujeto a flexión y cortante – Elemento finito triangular en estado plano de esfuerzos – Ploblmario. | ||
| 526 | _aP203 | ||
| 526 | _aP200 | ||
| 526 | _aSEG65 | ||
| 526 | _aSEG64 | ||
| 526 | _aSEG63 | ||
| 526 | _aSEG62 | ||
| 526 | _aSEG61 | ||
| 526 | _aSEG60 | ||
| 526 | _aSEG59 | ||
| 526 | _aSEG58 | ||
| 526 | _aSEG57 | ||
| 526 | _aSEG56 | ||
| 526 | _aSEG55 | ||
| 526 | _aSEG54 | ||
| 526 | _aSEG53 | ||
| 526 | _aSEG52 | ||
| 526 | _aSEG51 | ||
| 526 | _aSEG50 | ||
| 526 | _aSEG49 | ||
| 526 | _aSEG48 | ||
| 526 | _aSEG47 | ||
| 526 | _aSEG46 | ||
| 526 | _aSEG24 | ||
| 526 | _aSEG23 | ||
| 526 | _aSEG22 | ||
| 526 | _aSEG21 | ||
| 526 | _aSEG20 | ||
| 526 | _aSEG19 | ||
| 526 | _aSEG18 | ||
| 526 | _aSEG17 | ||
| 526 | _aSEG16 | ||
| 526 | _aSEG14 | ||
| 526 | _aSEG13 | ||
| 526 | _aSEG12 | ||
| 526 | _aSEG11 | ||
| 526 | _aSEG10 | ||
| 526 | _aSEG09 | ||
| 526 | _aSEG06 | ||
| 526 | _aSEG05 | ||
| 526 | _aSEG04 | ||
| 526 | _aSEG03 | ||
| 526 | _aSEG02 | ||
| 526 | _aSEG68 | ||
| 526 | _aSEG66 | ||
| 526 | _aSEG45 | ||
| 526 | _aSEG25 | ||
| 526 | _aSEG01 | ||
| 526 | _aP163 | ||
| 526 | _aP162 | ||
| 526 | _aP161 | ||
| 526 | _aP160 | ||
| 526 | _aP159 | ||
| 526 | _aP158 | ||
| 526 | _aP157 | ||
| 526 | _aP156 | ||
| 526 | _aP155 | ||
| 526 | _aP154 | ||
| 526 | _aP153 | ||
| 526 | _aP152 | ||
| 526 | _aP151 | ||
| 526 | _aP150 | ||
| 526 | _aP149 | ||
| 526 | _aP142 | ||
| 526 | _aP141 | ||
| 526 | _aP140 | ||
| 526 | _aP139 | ||
| 526 | _aP138 | ||
| 526 | _aP137 | ||
| 526 | _aP132 | ||
| 526 | _aP131 | ||
| 526 | _aP130 | ||
| 526 | _aP126 | ||
| 526 | _aP125 | ||
| 526 | _aP124 | ||
| 526 | _aP123 | ||
| 526 | _aP115 | ||
| 526 | _aP122 | ||
| 526 | _aP121 | ||
| 526 | _aP116 | ||
| 526 | _a P114 | ||
| 526 | _aP112 | ||
| 526 | _aP111 | ||
| 526 | _aP104 | ||
| 526 | _aP103 | ||
| 526 | _aP102 | ||
| 526 | _aP101 | ||
| 526 | _aP100 | ||
| 526 | _aP96 | ||
| 526 | _aP95 | ||
| 526 | _aP93 | ||
| 526 | _aP92 | ||
| 526 | _aP91 | ||
| 526 | _aP88 | ||
| 526 | _aP83 | ||
| 526 | _aP82 | ||
| 526 | _aP79 | ||
| 526 | _aP78 | ||
| 526 | _aP75 | ||
| 526 | _aP74 | ||
| 526 | _aP71 | ||
| 526 | _aP69 | ||
| 526 | _a P51 | ||
| 526 | _aP49 | ||
| 526 | _aP48 | ||
| 526 | _aP47 | ||
| 526 | _aP33 | ||
| 526 | _aP31 | ||
| 526 | _a P30 | ||
| 526 | _aP29 | ||
| 526 | _aP27 | ||
| 526 | _aP26 | ||
| 526 | _aP25 | ||
| 526 | _aP24 | ||
| 526 | _a P22 | ||
| 526 | _aP10 | ||
| 526 | _aP09 | ||
| 526 | _a P08 | ||
| 526 | _aP06 | ||
| 526 | _aP05 | ||
| 526 | _aP04 | ||
| 526 | _aP01 | ||
| 650 | 1 | 7 |
_2LEMB _aTeoría de las estructuras (Ingeniería) _xMétodos matriciales |
| 942 |
_cBOOK _n0 _2ddc |
||
| 980 |
_618226 _aJaime Vilcazán _81 _gALBERTO SANCHEZ Responsable de Automatización |
||
| 999 |
_c61558 _d61558 |
||